00367nam a2200145Ia 4500008004100000020001500041041001200056082001600068100001400084245005500098260002900153300000800182650001600190700001500206221030s9999 xx 000 0 und d a8170299608 aEnglish a105.23bCou aG. Couter 0aMicrosoft Office 97 User Certification Study Guide bBPB PubaNew Delhic1998 a820 aBE Computer aA. Marquis